| 000 | 01197nam a22002177a 4500 | ||
|---|---|---|---|
| 999 |
_c57045 _d57045 |
||
| 005 | 20191031132724.0 | ||
| 008 | 191031s2018 en ||||| |||| 00| 0 eng d | ||
| 041 | _aeng | ||
| 080 | _a811.353:81 M-60 | ||
| 100 |
_aMeskhi, Anna _95180 |
||
| 245 |
_aKartvelian linguoculturology of the past :Selected articles / _cAnna Meskhi ; David Meskhi. |
||
| 264 |
_aTbilisi : _bCarpe diem, _c2018. |
||
| 300 |
_a470 p. : _b fig., tab. ; _c24 cm. |
||
| 500 | _aსაძიებელი: გვ. 466-469. ბიბლიოგრ.: გვ. 422-447. | ||
| 653 | _aქართველური ენები ლინგვო კულტუროლოგიური ასპექტები | ||
| 653 | _aქართველური ენების ეტიმოლოგია. ქართველური ენების ტიპოლოგია | ||
| 653 | _aქართული მითოლოგია უცხო ენების სწავლების მეთოდიკა ენათმეცნიერება | ||
| 700 |
_a Meskhi, David _95181 |
||
| 710 |
_eCenter for Research of Kartvelian civilization (CRKC) _95182 |
||
| 942 |
_2udc _cBK |
||